[Event "GRE CupT 41st f/16"]
[Site "Greece"]
[Date "2023.06.18"]
[Round "1.8"]
[White "Tsaknakis, Zisis"]
[Black "Koutoukidis, Panagiotis"]
[Result "1/2-1/2"]
[WhiteElo "2310"]
[BlackElo "2387"]
[PlyCount "80"]
[EventDate "2023.06.18"]
[EventType "team-k.o."]
[EventRounds "1"]
[EventCountry "GRE"]
[SourceTitle "EXT 2024"]
[Source "ChessBase"]
[SourceDate "2023.10.10"]
[SourceVersion "1"]
[SourceVersionDate "2023.10.10"]
[SourceQuality "1"]

1. e4 c5 2. Nf3 d6 3. d4 cxd4 4. Nxd4 Nf6 5. Nc3 a6 6. Bg5 Nbd7 7. Bc4 Qb6 8. Qd2 Qxb2 9. Rb1 Qa3 10. 0-0 Qc5 11. Bb3 g6 12. Be3 Qc7 13. Nd5 Nxd5 14. Bxd5 Bg7 15. Bxf7+ Kxf7 16. Ne6 Qc4 17. Nxg7 Kxg7 18. Rb4 Qe6 19. f4 Rg8 20. f5 gxf5 21. exf5 Qf7 22. Rg4+ Kh8 23. Bd4+ Nf6 24. Rxg8+ Kxg8 25. Rf3 Bd7 26. Qg5+ Qg7 27. Qh4 Kh8 28. Rg3 Qf7 29. Re3 Rf8 30. g4 Qd5 31. g5 Bc6 32. Qg4 Qh1+ 33. Kf2 Qxh2+ 34. Ke1 Qh1+ 35. Kd2 Qg2+ 36. Qxg2 Bxg2 37. Rxe7 Kg8 38. Bxf6 Rf7 39. Re8+ Rf8 40. Re7 Rf7 1/2-1/2

[Event "GRE-chT 49th"]
[Site "Thessaloniki"]
[Date "2022.08.12"]
[Round "1.7"]
[White "Korpa, Bence"]
[Black "Koutoukidis, Panagiotis"]
[Result "0-1"]
[WhiteElo "2519"]
[BlackElo "2393"]
[PlyCount "76"]
[EventDate "2022.08.12"]
[EventType "team-swiss"]
[EventRounds "7"]
[EventCountry "GRE"]
[SourceTitle "CBM 209 Extra"]
[Source "ChessBase"]
[SourceDate "2022.09.30"]
[SourceVersion "1"]
[SourceVersionDate "2022.09.30"]
[SourceQuality "1"]
[WhiteTeam "Amo Galaxias"]
[BlackTeam "Kerkeras"]
[WhiteTeamCountry "GRE"]
[BlackTeamCountry "GRE"]

1. g3 Nf6 2. Bg2 d5 3. Nf3 e6 4. d3 Be7 5. Nbd2 c5 6. e4 Nc6 7. 0-0 0-0 8. Re1 b5 9. e5 Nd7 10. Nf1 Bb7 11. h4 Qc7 12. Bf4 Rfc8 13. N1h2 Qd8 14. Qd2 a5 15. Ng4 Bf8 16. a4 Ba6 17. axb5 Bxb5 18. c4 dxc4 19. dxc4 Bxc4 20. Ng5 Nd4 21. Bxa8 Rxa8 22. Be3 Nf5 23. Rad1 Bd5 24. Qc2 Bc6 25. Ne4 Qc7 26. f4 Qb7 27. Bf2 Rb8 28. Rd2 h5 29. Nh2 c4 30. Rde2 Nb6 31. Ra1 Nd5 32. Rxa5 Nb4 33. Qb1 Nd3 34. Ra7 Qb4 35. Ra2 Bxe4 36. Rxe4 Nxf2 37. Kxf2 Qd2+ 38. Re2 Bc5+ 0-1

[Event "GRE-chT Online Rapid op 1st"]
[Site "Tornelo INT"]
[Date "2021.02.20"]
[Round "1.12"]
[White "Merkouropoulos, Dionysios"]
[Black "Koutoukidis, Panagiotis"]
[Result "0-1"]
[WhiteElo "1405"]
[BlackElo "2393"]
[PlyCount "38"]
[EventDate "2021.02.20"]
[EventType "team-swiss (rapid)"]
[EventRounds "9"]
[EventCountry "GRE"]
[SourceTitle "EXT 2023"]
[Source "ChessBase"]
[SourceDate "2022.10.05"]
[SourceVersion "1"]
[SourceVersionDate "2022.10.05"]
[SourceQuality "1"]

1. d4 Nf6 2. c4 e6 3. Nc3 Bb4 4. Bd2 0-0 5. Nf3 b6 6. e3 Bb7 7. Be2 d6 8. 0-0 Nbd7 9. a3 Bxc3 10. Bxc3 Ne4 11. Qc2 f5 12. b4 Rf6 13. Rfd1 Rg6 14. g3 Ndf6 15. c5 Bd5 16. Bb2 Ng4 17. Nh4 Qxh4 18. gxh4 Nxe3+ 19. Kh1 Nxf2# 0-1

[Event "Agios Nikolaos op 3rd"]
[Site "Agios Ioannis"]
[Date "2019.08.28"]
[Round "4"]
[White "Koutoukidis, Panagiotis"]
[Black "Kapnisis, Spyridon"]
[Result "1-0"]
[WhiteElo "2369"]
[BlackElo "2463"]
[PlyCount "81"]
[EventDate "2019.08.26"]
[EventType "swiss"]
[EventRounds "9"]
[EventCountry "GRE"]
[SourceTitle "EXT 2020"]
[Source "ChessBase"]
[SourceDate "2019.10.17"]
[SourceVersion "1"]
[SourceVersionDate "2019.10.17"]
[SourceQuality "1"]

1. e4 c5 2. Nf3 d6 3. d4 Nf6 4. Nc3 cxd4 5. Nxd4 a6 6. h3 e6 7. g4 Nfd7 8. g5 Be7 9. h4 b5 10. a3 Bb7 11. Be3 Nc6 12. f4 0-0 13. Rh3 Rc8 14. Rg3 Nxd4 15. Qxd4 Qc7 16. 0-0-0 Nc5 17. Bg2 a5 18. Kb1 e5 19. Qd2 b4 20. Nd5 Bxd5 21. exd5 Na4 22. Bf2 Rb8 23. axb4 Rxb4 24. b3 exf4 25. Rf3 f6 26. Bh3 fxg5 27. Be6+ Kh8 28. hxg5 Bxg5 29. Rh1 h6 30. Bd4 Nc5 31. Rfh3 Nxe6 32. dxe6 Kg8 33. Qd3 Rc8 34. Bb2 a4 35. e7 Qxe7 36. Qd5+ Qf7 37. Qxg5 Rxc2 38. Qd8+ Kh7 39. Qh8+ Kg6 40. Rg1+ Kf5 41. Qh7+ 1-0

[Event "Anogia op 8th"]
[Site "Anogia"]
[Date "2019.08.22"]
[Round "6"]
[White "Rahul, Srivatshav P"]
[Black "Koutoukidis, Panagiotis"]
[Result "0-1"]
[WhiteElo "2410"]
[BlackElo "2369"]
[PlyCount "72"]
[EventDate "2019.08.18"]
[EventType "swiss"]
[EventRounds "9"]
[EventCountry "GRE"]
[SourceTitle "EXT 2020"]
[Source "ChessBase"]
[SourceDate "2019.10.17"]
[SourceVersion "1"]
[SourceVersionDate "2019.10.17"]
[SourceQuality "1"]

1. Nf3 c5 2. c4 Nc6 3. b3 e5 4. Bb2 d6 5. Nc3 g6 6. g3 Bg7 7. d3 Nge7 8. Bg2 0-0 9. 0-0 h6 10. e3 Be6 11. Qe2 d5 12. a3 b6 13. Rab1 Rc8 14. cxd5 Nxd5 15. Nxd5 Bxd5 16. b4 cxb4 17. axb4 b5 18. Bc3 e4 19. dxe4 Bc4 20. Qb2 Bxc3 21. Qxc3 Bxf1 22. Bxf1 Qe7 23. Bxb5 Qxe4 24. Nd2 Qe5 25. Qxe5 Nxe5 26. Nb3 Rb8 27. Nd4 Nf3+ 28. Nxf3 Rxb5 29. Nd4 Rb6 30. Ra1 a6 31. h4 Rc8 32. Ra5 Rc1+ 33. Kg2 Rb1 34. Nc2 Rb2 35. Rc5 Rd6 36. b5 axb5 0-1

[Event "Anogia op 8th"]
[Site "Anogia"]
[Date "2019.08.21"]
[Round "5"]
[White "Lekic, Dusan"]
[Black "Koutoukidis, Panagiotis"]
[Result "1/2-1/2"]
[WhiteElo "2330"]
[BlackElo "2369"]
[PlyCount "42"]
[EventDate "2019.08.18"]
[EventType "swiss"]
[EventRounds "9"]
[EventCountry "GRE"]
[SourceTitle "EXT 2020"]
[Source "ChessBase"]
[SourceDate "2019.10.17"]
[SourceVersion "1"]
[SourceVersionDate "2019.10.17"]
[SourceQuality "1"]

1. d4 Nf6 2. c4 e6 3. Nf3 d5 4. g3 Be7 5. Bg2 0-0 6. 0-0 dxc4 7. Qc2 a6 8. Qxc4 b5 9. Qc2 Bb7 10. Bd2 Be4 11. Qc1 c6 12. a4 Nbd7 13. Nc3 Bg6 14. Nh4 Bh5 15. h3 Nd5 16. axb5 axb5 17. Nxd5 cxd5 18. Bf3 Bxf3 19. Nxf3 Rc8 20. Qb1 Qb6 21. Qd3 Ra8 1/2-1/2

[Event "GRE-chT 47th"]
[Site "Patras"]
[Date "2019.07.05"]
[Round "5.3"]
[White "Koutoukidis, Panagiotis"]
[Black "Papadopoulos, Argirios"]
[Result "1-0"]
[WhiteElo "2344"]
[BlackElo "2222"]
[PlyCount "67"]
[EventDate "2019.07.02"]
[EventType "team-swiss"]
[EventRounds "7"]
[EventCountry "GRE"]
[SourceTitle "CBM 191 Extra"]
[Source "ChessBase"]
[SourceDate "2019.09.30"]
[SourceVersion "1"]
[SourceVersionDate "2019.09.30"]
[SourceQuality "1"]
[WhiteTeam "Purchases of New Crystal"]
[BlackTeam "Chania SA"]
[WhiteTeamCountry "GRE"]
[BlackTeamCountry "GRE"]

1. e4 e5 2. Nf3 Nc6 3. Bc4 Bc5 4. 0-0 Nf6 5. d3 0-0 6. c3 d6 7. Re1 h6 8. b4 Bb6 9. a4 a5 10. b5 Ne7 11. h3 Ng6 12. Na3 Re8 13. Qb3 Re7 14. Bd2 Nh5 15. d4 Qe8 16. Rad1 Nhf4 17. Bxf4 Nxf4 18. dxe5 dxe5 19. Nxe5 Be6 20. Nd3 Nxd3 21. Rxd3 Bc5 22. Nb1 Bf5 23. Nd2 Bg6 24. Rd5 b6 25. e5 Kh7 26. Ne4 Rd8 27. Nxc5 Rxd5 28. Bxd5 Rxe5 29. Rxe5 Qxe5 30. Nd7 Qd6 31. Bc6 Bf5 32. Qxf7 Qd1+ 33. Kh2 Qd6+ 34. g3 1-0

[Event "GRE CupT final 37th"]
[Site "Patras"]
[Date "2019.07.01"]
[Round "3.1"]
[White "Alexakis, Dimitris"]
[Black "Koutoukidis, Panagiotis"]
[Result "0-1"]
[WhiteElo "2305"]
[BlackElo "2352"]
[PlyCount "88"]
[EventDate "2019.06.30"]
[EventType "team-k.o."]
[EventRounds "3"]
[EventCountry "GRE"]
[SourceTitle "CBM 191 Extra"]
[Source "ChessBase"]
[SourceDate "2019.09.30"]
[SourceVersion "1"]
[SourceVersionDate "2019.09.30"]
[SourceQuality "1"]
[WhiteTeam "Peiraikos OS"]
[BlackTeam "Neas Erythreas"]
[WhiteTeamCountry "GRE"]
[BlackTeamCountry "GRE"]

1. e4 e5 2. Nf3 Nc6 3. Bc4 Nf6 4. d3 Be7 5. c3 0-0 6. Qe2 d5 7. Bb3 Re8 8. h3 h6 9. g4 a5 10. g5 hxg5 11. Nxg5 a4 12. Bc2 Bc5 13. Rg1 Ne7 14. h4 dxe4 15. dxe4 Ng6 16. h5 Nf4 17. Bxf4 exf4 18. Nd2 Be6 19. 0-0-0 Bxa2 20. e5 Qe7 21. Ngf3 Bb3 22. exf6 Qxf6 23. Ne4 Qb6 24. Qd3 Bxc2 25. Kxc2 Qb3+ 26. Kc1 Rxe4 27. Qxe4 a3 28. Rxg7+ Kxg7 29. Qe5+ Kh7 30. Qf5+ Kh8 31. Qf6+ Kh7 32. Qf5+ Kh8 33. Qf6+ Kh7 34. Ng5+ Kg8 35. Rg1 axb2+ 36. Kd2 b1N+ 37. Ke2 Nxc3+ 38. Kf1 Ra1+ 39. Kg2 Rxg1+ 40. Kh2 Rh1+ 41. Kxh1 Qd1+ 42. Kh2 Qxh5+ 43. Nh3 Bd6 44. f3 Nd5 0-1

[Event "Attica CupT final playoff"]
[Site "Attica"]
[Date "2019.05.19"]
[Round "3.4"]
[White "Koutoukidis, Panagiotis"]
[Black "Kalogridakis, Georgios"]
[Result "1-0"]
[WhiteElo "2357"]
[BlackElo "2153"]
[PlyCount "133"]
[EventDate "2019.05.19"]
[EventType "team-match (rapid)"]
[EventRounds "3"]
[EventCountry "GRE"]
[SourceTitle "CBM 190 Extra"]
[Source "ChessBase"]
[SourceDate "2019.07.15"]
[SourceVersion "1"]
[SourceVersionDate "2019.07.15"]
[SourceQuality "1"]
[WhiteTeam "Erythraias Ames"]
[BlackTeam "Kallithea"]
[WhiteTeamCountry "GRE"]
[BlackTeamCountry "GRE"]

1. e4 c5 2. Nf3 d6 3. d4 cxd4 4. Nxd4 Nf6 5. Nc3 a6 6. h3 e6 7. g4 Be7 8. g5 Nfd7 9. h4 b5 10. a3 Bb7 11. Be3 Nc6 12. f4 0-0 13. Rh3 Nxd4 14. Qxd4 e5 15. Qd2 exf4 16. Bxf4 Ne5 17. 0-0-0 Qc7 18. Nd5 Bxd5 19. exd5 Rfd8 20. h5 Rac8 21. Rc3 Qb8 22. Bh3 Rxc3 23. Qxc3 Nc4 24. Re1 Bf8 25. g6 Qb7 26. gxf7+ Kh8 27. Be6 Qa7 28. Rf1 Be7 29. h6 Bf6 30. hxg7+ Bxg7 31. Bh6 Ne5 32. Bxg7+ Kxg7 33. Qg3+ Ng6 34. Qg5 Qe7 35. Qh5 Qh4 36. Qf3 Qd4 37. Kb1 a5 38. Rh1 h6 39. Qh5 Qe3 40. Bf5 Qg5 41. Bxg6 Qxg6 42. Qh2 Kh7 43. Rf1 Rf8 44. Qf4 Kg7 45. Qd4+ Kh7 46. Qf4 Kg7 47. Qd4+ Kh7 48. Qf4 b4 49. axb4 axb4 50. Qxb4 Qg2 51. Qf4 Qxd5 52. Qf6 Qg2 53. Rd1 d5 54. Qe7 Kg7 55. Qe5+ Kxf7 56. Re1 Kg6 57. Qd4 Qg5 58. Rg1 Rf4 59. Rxg5+ hxg5 60. Qxd5 g4 61. Kc1 Kf6 62. Kd2 g3 63. Ke3 Rg4 64. Qg2 Kg5 65. Kf3 Kh4 66. Qh1+ Kg5 67. Qh3 1-0

[Event "Kanoni Easter op 1st"]
[Site "Kanoni"]
[Date "2019.05.04"]
[Round "8"]
[White "Koutoukidis, Panagiotis"]
[Black "Markidis, Konstantinos"]
[Result "1-0"]
[WhiteElo "2357"]
[BlackElo "2274"]
[PlyCount "55"]
[EventDate "2019.04.29"]
[EventType "swiss"]
[EventRounds "9"]
[EventCountry "GRE"]
[SourceTitle "CBM 190 Extra"]
[Source "ChessBase"]
[SourceDate "2019.07.15"]
[SourceVersion "1"]
[SourceVersionDate "2019.07.15"]
[SourceQuality "1"]

1. e4 e5 2. Nf3 Nc6 3. Bc4 Bc5 4. 0-0 d6 5. c3 Nf6 6. d3 a6 7. a4 Ba7 8. Re1 0-0 9. h3 h6 10. Nbd2 Re8 11. Bb3 Be6 12. Nc4 b5 13. Ne3 Qd7 14. Nh4 Ne7 15. Bxe6 fxe6 16. Ng4 Rf8 17. Nxf6+ Rxf6 18. Be3 Bxe3 19. Rxe3 b4 20. Nf3 bxc3 21. bxc3 Rb8 22. d4 exd4 23. cxd4 Rb4 24. Qc2 Rf8 25. Rc3 Rc8 26. a5 Rb5 27. Qa2 Nc6 28. Rxc6 1-0

[Event "Kanoni Easter op 1st"]
[Site "Kanoni"]
[Date "2019.05.04"]
[Round "7"]
[White "Skiadopoulos, Nikolaos"]
[Black "Koutoukidis, Panagiotis"]
[Result "0-1"]
[WhiteElo "1937"]
[BlackElo "2357"]
[PlyCount "110"]
[EventDate "2019.04.29"]
[EventType "swiss"]
[EventRounds "9"]
[EventCountry "GRE"]
[SourceTitle "CBM 190 Extra"]
[Source "ChessBase"]
[SourceDate "2019.07.15"]
[SourceVersion "1"]
[SourceVersionDate "2019.07.15"]
[SourceQuality "1"]

1. e4 c5 2. Nc3 Nc6 3. g3 g6 4. Bg2 Bg7 5. d3 d6 6. f4 e6 7. Nf3 Nge7 8. 0-0 0-0 9. Be3 Nd4 10. Qd2 Rb8 11. Kh1 b5 12. Rae1 b4 13. Nd1 Nec6 14. Nh4 Ne7 15. c3 bxc3 16. bxc3 Nb5 17. a4 Nc7 18. g4 f5 19. gxf5 exf5 20. Nf3 Ne6 21. e5 Nd5 22. c4 Nxe3 23. Qxe3 Kh8 24. Nc3 Bb7 25. Nd5 dxe5 26. Nxe5 Nc7 27. Qxc5 Nxd5 28. cxd5 Rc8 29. Nc6 Qf6 30. Qxa7 Bxc6 31. dxc6 Rxc6 32. Qe3 Ra6 33. Ra1 Qf7 34. d4 Qd7 35. Rfd1 Rxa4 36. Rxa4 Qxa4 37. Bf3 Re8 38. Qd2 Qa3 39. Bg2 Qd6 40. h3 Rb8 41. d5 Bh6 42. Rf1 Kg8 43. Qc1 Rd8 44. Kg1 Qf6 45. Qc4 Bf8 46. Re1 Bd6 47. Re6 Qh4 48. Qc6 Qxf4 49. Re8+ Rxe8 50. Qxe8+ Kg7 51. Qe1 g5 52. Qa1+ Kg6 53. Qb1 h5 54. Qe1 Be5 55. d6 Qd4+ 0-1

[Event "Kanoni Easter op 1st"]
[Site "Kanoni"]
[Date "2019.05.03"]
[Round "6"]
[White "Koutoukidis, Panagiotis"]
[Black "Romanishin, Oleg M"]
[Result "1/2-1/2"]
[WhiteElo "2357"]
[BlackElo "2456"]
[PlyCount "85"]
[EventDate "2019.04.29"]
[EventType "swiss"]
[EventRounds "9"]
[EventCountry "GRE"]
[SourceTitle "CBM 190 Extra"]
[Source "ChessBase"]
[SourceDate "2019.07.15"]
[SourceVersion "1"]
[SourceVersionDate "2019.07.15"]
[SourceQuality "1"]

1. e4 e5 2. Nf3 Nc6 3. d4 exd4 4. Nxd4 Bc5 5. Nb3 Bb4+ 6. c3 Be7 7. f4 d6 8. Bd3 Nh6 9. 0-0 d5 10. e5 Bf5 11. Qe2 0-0 12. N1d2 d4 13. Ne4 dxc3 14. bxc3 Qd5 15. h3 Rad8 16. Bc2 Be6 17. Ng5 Qc4 18. Bxh7+ Kh8 19. Qh5 Bxg5 20. fxg5 Kxh7 21. gxh6 g6 22. Qg5 Qxc3 23. Bf4 Nd4 24. Nd2 Ne2+ 25. Kh2 f6 26. exf6 Nxf4 27. Ne4 Nxh3 28. gxh3 Qxh3+ 29. Kg1 Bf5 30. Ng3 Qxh6 31. Qxh6+ Kxh6 32. Nxf5+ gxf5 33. Rxf5 Kg6 34. Raf1 Rf7 35. R5f3 Rd5 36. R1f2 c5 37. Kf1 Re5 38. Rg2+ Rg5 39. Rgf2 b5 40. Ke2 c4 41. Kd2 a5 42. Kc3 Rg4 43. a3 1/2-1/2

[Event "Kanoni Easter op 1st"]
[Site "Kanoni"]
[Date "2019.05.02"]
[Round "5"]
[White "Skembris, Spyridon"]
[Black "Koutoukidis, Panagiotis"]
[Result "1/2-1/2"]
[WhiteElo "2395"]
[BlackElo "2357"]
[PlyCount "70"]
[EventDate "2019.04.29"]
[EventType "swiss"]
[EventRounds "9"]
[EventCountry "GRE"]
[SourceTitle "CBM 190 Extra"]
[Source "ChessBase"]
[SourceDate "2019.07.15"]
[SourceVersion "1"]
[SourceVersionDate "2019.07.15"]
[SourceQuality "1"]

1. c4 c5 2. g3 Nc6 3. Bg2 g6 4. Nf3 Bg7 5. Nc3 e6 6. d4 cxd4 7. Nb5 d5 8. cxd5 Qa5+ 9. Nd2 Qxb5 10. dxc6 Ne7 11. cxb7 Bxb7 12. Bxb7 Qxb7 13. Qa4+ Nc6 14. 0-0 0-0 15. Nc4 d3 16. Be3 dxe2 17. Rfe1 Nd4 18. Bxd4 Bxd4 19. Rxe2 Qf3 20. Rae1 Rfd8 21. Qc2 Rd5 22. Qe4 Qf6 23. Kg2 Rad8 24. f4 h5 25. h4 Qe7 26. Rf1 Bf6 27. b3 Rd4 28. Qf3 Rd3 29. Re3 R3d5 30. Re2 Qc5 31. Re3 a5 32. a4 Qb4 33. Kh3 Be7 34. Qe4 Rd4 35. Qc6 Kg7 1/2-1/2

[Event "Kanoni Easter op 1st"]
[Site "Kanoni"]
[Date "2019.04.30"]
[Round "3"]
[White "Koutoukidis, Panagiotis"]
[Black "Kourkoulos Arditis, Stamatis"]
[Result "1-0"]
[WhiteElo "2357"]
[BlackElo "2449"]
[PlyCount "75"]
[EventDate "2019.04.29"]
[EventType "swiss"]
[EventRounds "9"]
[EventCountry "GRE"]
[SourceTitle "CBM 190 Extra"]
[Source "ChessBase"]
[SourceDate "2019.07.15"]
[SourceVersion "1"]
[SourceVersionDate "2019.07.15"]
[SourceQuality "1"]

1. e4 e6 2. d4 d5 3. Nc3 Bb4 4. Nge2 Nc6 5. a3 Ba5 6. b4 Bb6 7. Bb2 Nge7 8. g3 e5 9. dxe5 Nxe5 10. Nf4 Bg4 11. Be2 Bxe2 12. Qxe2 Nc4 13. 0-0-0 Nxb2 14. Kxb2 d4 15. Ncd5 0-0 16. Qc4 Nc6 17. Nd3 a6 18. f4 Qd7 19. Rhe1 Rfe8 20. f5 Rad8 21. g4 Ba7 22. g5 Ne5 23. Qxc7 b5 24. Nxe5 Qxc7 25. Nxc7 Rxe5 26. Nxa6 g6 27. fxg6 hxg6 28. h4 Kg7 29. Nc5 Rh8 30. Rxd4 Rxh4 31. Rd7 Bxc5 32. bxc5 Rxg5 33. e5 Kf8 34. c6 Rc4 35. c7 Rg2 36. Rc1 Kg7 37. e6 Re2 38. exf7 1-0

[Event "Kanoni Easter op 1st"]
[Site "Kanoni"]
[Date "2019.04.30"]
[Round "2"]
[White "Markaki, Sofia"]
[Black "Koutoukidis, Panagiotis"]
[Result "0-1"]
[WhiteElo "1675"]
[BlackElo "2357"]
[PlyCount "96"]
[EventDate "2019.04.29"]
[EventType "swiss"]
[EventRounds "9"]
[EventCountry "GRE"]
[SourceTitle "CBM 190 Extra"]
[Source "ChessBase"]
[SourceDate "2019.07.15"]
[SourceVersion "1"]
[SourceVersionDate "2019.07.15"]
[SourceQuality "1"]

1. e4 c5 2. Nf3 e6 3. d4 cxd4 4. Nxd4 Nc6 5. Nb5 d6 6. c4 Nf6 7. N1c3 a6 8. Na3 Be7 9. Be2 0-0 10. Be3 b6 11. 0-0 Bb7 12. f3 Qc7 13. Rc1 Ne5 14. Qd2 Rac8 15. Kh1 Rfe8 16. Rfd1 Ba8 17. Bf1 Qb8 18. Bg1 Kh8 19. Na4 Ned7 20. Qe3 Nc5 21. Nc3 Bd8 22. Qf2 Bc7 23. Nc2 Bb7 24. Nd4 Qa8 25. b4 Ncd7 26. Nb3 Kg8 27. Rc2 Ne5 28. Na4 Ned7 29. Rcd2 d5 30. exd5 exd5 31. c5 Bf4 32. Rc2 Be3 33. Qh4 Bxg1 34. Kxg1 a5 35. bxa5 bxc5 36. Rdc1 c4 37. Nd4 Qxa5 38. Nc3 Ne5 39. Rb1 Bc6 40. Kh1 Bd7 41. Nce2 Ng6 42. Qg5 h6 43. Qc1 Qc5 44. Rcb2 Ne5 45. Qc3 Nd3 46. Rb7 Re3 47. Qd2 Rce8 48. Nc2 Rxe2 0-1

[Event "GRE-ch 68th"]
[Site "Thessaloniki"]
[Date "2018.12.19"]
[Round "8"]
[White "Mastrovasilis, Athanasios"]
[Black "Koutoukidis, Panagiotis"]
[Result "0-1"]
[WhiteElo "2510"]
[BlackElo "2357"]
[PlyCount "124"]
[EventDate "2018.12.12"]
[EventType "tourn"]
[EventRounds "9"]
[EventCountry "GRE"]
[EventCategory "5"]
[SourceTitle "CBM 187 Extra"]
[Source "ChessBase"]
[SourceDate "2018.11.04"]
[SourceVersion "1"]
[SourceVersionDate "2018.11.04"]
[SourceQuality "1"]

1. d4 Nf6 2. c4 e6 3. Nc3 Bb4 4. e3 0-0 5. Bd3 c5 6. Nf3 d5 7. cxd5 exd5 8. dxc5 Nbd7 9. 0-0 Nxc5 10. Ne2 Bg4 11. Nfd4 Nxd3 12. Qxd3 Rc8 13. b3 Bh5 14. Bb2 Bg6 15. Qb5 Qe7 16. Ng3 Bc3 17. Bxc3 Rxc3 18. Qa5 Qc5 19. Qxc5 Rxc5 20. Rfd1 Rfc8 21. f3 Kf8 22. Nge2 h6 23. Rd2 Ke7 24. Kf2 Bh7 25. g4 Nd7 26. Rad1 Nb6 27. h4 a5 28. a4 f6 29. Rg1 g5 30. h5 Kf7 31. Ng3 Kg8 32. Rgd1 Rc3 33. Ngf5 Bxf5 34. Nxf5 Kh7 35. Rd3 Rc2+ 36. R1d2 Rxd2+ 37. Rxd2 Rc3 38. e4 dxe4 39. fxe4 Rxb3 40. Rd6 Nxa4 41. Rxf6 Rb6 42. Rf7+ Kg8 43. Rc7 Nb2 44. Ne7+ Kf8 45. Nd5 Rb3 46. Nf6 a4 47. Rd7 Nd3+ 48. Kg1 Rb6 49. Nd5 Rb1+ 50. Kg2 a3 51. Nf6 Nf4+ 52. Kf3 Rb3+ 53. Kf2 Rb6 54. e5 a2 55. Rd1 Rb1 56. Rd7 Rb6 57. Rd1 Ra6 58. Ra1 Nd3+ 59. Ke3 Nc5 60. Rf1 Rxf6 61. Rxf6+ Ke7 62. Rf1 Nb3 0-1

[Event "Anogia op 7th"]
[Site "Anogia"]
[Date "2018.08.21"]
[Round "6"]
[White "Katopodis, Dimitrios"]
[Black "Koutoukidis, Panagiotis"]
[Result "1/2-1/2"]
[WhiteElo "2306"]
[BlackElo "2375"]
[PlyCount "48"]
[EventDate "2018.08.17"]
[EventType "swiss"]
[EventRounds "9"]
[EventCountry "GRE"]
[SourceTitle "CBM 186 Extra"]
[Source "ChessBase"]
[SourceDate "2018.08.24"]
[SourceVersion "1"]
[SourceVersionDate "2018.08.24"]
[SourceQuality "1"]

1. d4 Nf6 2. Nf3 e6 3. g3 d5 4. Bg2 Be7 5. c4 0-0 6. Nbd2 c5 7. dxc5 dxc4 8. 0-0 Bxc5 9. Nxc4 Nc6 10. b3 Qe7 11. Bb2 Rd8 12. Qc2 Bd7 13. Rac1 Rac8 14. Qb1 Be8 15. e3 h6 16. Rfd1 Rxd1+ 17. Rxd1 b5 18. Nce5 Nxe5 19. Nxe5 Ba3 20. Rc1 Rxc1+ 21. Qxc1 Bxb2 22. Qxb2 b4 23. Qd4 Qc7 24. Nc4 Bb5 1/2-1/2

[Event "Anogia op 7th"]
[Site "Anogia"]
[Date "2018.08.18"]
[Round "2"]
[White "Sucher, Johannes"]
[Black "Koutoukidis, Panagiotis"]
[Result "1-0"]
[WhiteElo "2141"]
[BlackElo "2375"]
[PlyCount "129"]
[EventDate "2018.08.17"]
[EventType "swiss"]
[EventRounds "9"]
[EventCountry "GRE"]
[SourceTitle "CBM 186 Extra"]
[Source "ChessBase"]
[SourceDate "2018.08.24"]
[SourceVersion "1"]
[SourceVersionDate "2018.08.24"]
[SourceQuality "1"]

1. d4 Nf6 2. Bg5 d5 3. Nd2 c5 4. e3 Nc6 5. c3 cxd4 6. exd4 Bf5 7. Qb3 Qd7 8. Ngf3 e6 9. Bb5 Bd6 10. c4 a6 11. Ne5 Qc7 12. cxd5 axb5 13. dxc6 bxc6 14. 0-0 Ne4 15. Be3 Bxe5 16. dxe5 Qxe5 17. Nf3 Qd5 18. Nd4 Qxb3 19. axb3 Kd7 20. Rad1 Kc7 21. Bf4+ Kb6 22. Nxf5 exf5 23. Rd7 Ra7 24. Be3+ c5 25. Rxa7 Kxa7 26. f3 Nf6 27. Bxc5+ Kb7 28. Rd1 Re8 29. Kf2 g6 30. Ra1 Nd5 31. Ra7+ Kc6 32. b4 Nf4 33. Ra6+ Kd5 34. Rd6+ Ke5 35. g3 Ne6 36. Rb6 Ra8 37. Rxb5 Ra2 38. Be7+ Kd4 39. Bf6+ Kd3 40. Ra5 Rxa5 41. bxa5 Nc7 42. Be5 Nd5 43. a6 Kc4 44. a7 Nb6 45. Bc7 Na8 46. Ba5 Kb5 47. Bd8 Ka6 48. Ke3 Kxa7 49. Kf4 f6 50. Bxf6 Nc7 51. Kg5 f4 52. Kxf4 Ne6+ 53. Ke5 Nc5 54. Kd5 Nd3 55. Ke6 Ne1 56. f4 Nf3 57. h4 Nh2 58. Kf7 Nf1 59. g4 Nh2 60. g5 Nf3 61. Kg7 Nxh4 62. Kxh7 Kb6 63. Bd4+ Kb5 64. Bf2 Ng2 65. Bg3 1-0

[Event "Aegean op 41st"]
[Site "Aghios Kirykos"]
[Date "2018.07.20"]
[Round "6"]
[White "Koutoukidis, Panagiotis"]
[Black "Karagiannis, Athanasios"]
[Result "1/2-1/2"]
[WhiteElo "2368"]
[BlackElo "2202"]
[PlyCount "92"]
[EventDate "2018.07.16"]
[EventType "swiss"]
[EventRounds "9"]
[EventCountry "GRE"]
[SourceTitle "CBM 186 Extra"]
[Source "ChessBase"]
[SourceDate "2018.08.24"]
[SourceVersion "1"]
[SourceVersionDate "2018.08.24"]
[SourceQuality "1"]

1. e4 c6 2. d4 d5 3. exd5 cxd5 4. Bd3 Nc6 5. c3 Nf6 6. h3 e5 7. dxe5 Nxe5 8. Qe2 Qe7 9. Bb5+ Bd7 10. Bf4 Nc4 11. Bxd7+ Nxd7 12. b3 Nce5 13. Be3 Qe6 14. Nd2 Rc8 15. Ngf3 Nxf3+ 16. Nxf3 Bc5 17. Nd4 Bxd4 18. cxd4 0-0 19. 0-0 f5 20. Qd2 Nf6 21. Bf4 Ne4 22. Qa5 Nc3 23. Rfe1 Qb6 24. Qxb6 axb6 25. a4 Rfe8 26. Be5 Kf7 27. f3 b5 28. axb5 Nxb5 29. Ra4 Re7 30. Rb4 Na7 31. Rb6 Rc6 32. Rxc6 Nxc6 33. Kf2 Re6 34. f4 Na5 35. Re3 Rb6 36. Bc7 Rb5 37. Bxa5 Rxa5 38. Rc3 Ra2+ 39. Kf3 Rd2 40. Rc7+ Kf6 41. Rxb7 Rd3+ 42. Ke2 Rxd4 43. Rb6+ Ke7 44. Rb7+ Kf6 45. Rb6+ Ke7 46. Rb7+ Kd6 1/2-1/2

[Event "Aegean op 41st"]
[Site "Aghios Kirykos"]
[Date "2018.07.18"]
[Round "4"]
[White "Koutoukidis, Panagiotis"]
[Black "Nikolaidis, Ioannis"]
[Result "0-1"]
[WhiteElo "2368"]
[BlackElo "2548"]
[PlyCount "32"]
[EventDate "2018.07.16"]
[EventType "swiss"]
[EventRounds "9"]
[EventCountry "GRE"]
[SourceTitle "CBM 186 Extra"]
[Source "ChessBase"]
[SourceDate "2018.08.24"]
[SourceVersion "1"]
[SourceVersionDate "2018.08.24"]
[SourceQuality "1"]

1. e4 e6 2. d4 d5 3. Nc3 Bb4 4. exd5 exd5 5. Bd3 Nc6 6. a3 Bxc3+ 7. bxc3 Nge7 8. Qh5 Be6 9. Rb1 b6 10. Ne2 Qd7 11. Nf4 g6 12. Qg5 Bf5 13. 0-0 Bxd3 14. cxd3 0-0-0 15. Qf6 Qf5 16. Nxd5 Qxd5 0-1